[Event "Darek Jacek Zaucha"]
[Site "SchemingMind.com"]
[Date "2016.01.26"]
[Round "-"]
[White "kenneth m day"]
[Black "Quaff"]
[Result "1-0"]
[WhiteCountry "USA"]
[BlackCountry "ENG"]
[WhiteElo "1674"]
[WhiteRD "52"]
[BlackElo "1671"]
[BlackRD "66"]
[GameID "394597"]

1. e4 e5 2. Nf3 d6 3. d4 exd4 4. Nxd4 h6 5. Nc3 Nf6 6. Bc4 Bd7 7. O-O Nc6 8. Be3 Be7 9. Re1 Ne5 10. Bb3 O-O
11. f4 Nc6 12. f5 Nxd4 13. Bxd4 Nh7 14. Qg4 Bf6 15. Be3 Kh8 16. Rad1 Ng5 17. h4 Nh7 18. Nd5 c6 19. Nxf6 Nxf6 20. Qf4 Kh7
21. Rxd6 b6 22. Red1 Rc8 23. e5 Nd5 24. Bxd5 cxd5 25. R1xd5 Rc7 26. c4 Rh8 27. Qd4 Re8 28. Rxd7 Rxd7 29. Rxd7 Qxh4 30. Qxh4
1-0

[Event "Darek Jacek Zaucha"]
[Site "SchemingMind.com"]
[Date "2016.01.26"]
[Round "-"]
[White "Quaff"]
[Black "kenneth m day"]
[Result "1-0"]
[WhiteCountry "ENG"]
[BlackCountry "USA"]
[WhiteElo "1615"]
[WhiteRD "62"]
[BlackElo "1716"]
[BlackRD "52"]
[GameID "394598"]

1. e4 e5 2. Nf3 Nc6 3. a3 Nf6 4. d3 d5 5. exd5 Nxd5 6. Be2 Be7 7. Bd2 O-O 8. h3 f5 9. Nc3 Be6 10. Nxd5 Bxd5
11. O-O Qd6 12. Nh2 Rad8 13. f3 Qc5+ 14. Kh1 Bh4 15. b4 Qd6 16. c4 Be6 17. c5 Qd7 18. Be1 Nd4 19. Bxh4 Rde8 20. Bf2 Rf6
21. Bxd4 Qxd4 22. Qa4 Bd7 23. Qxa7 Bc6 24. Qa5 b6 25. cxb6 cxb6 26. Qa6 Ra8 27. Qc4+ Qxc4 28. dxc4 Rc8 29. Rfc1 g5 30. c5 bxc5
31. Rxc5 e4 32. fxe4 Bd7 33. Rxc8+ Bxc8 34. exf5 Rxf5 35. b5 Bb7 36. a4 Rf2 37. Bf3 Bxf3 38. Nxf3 h6 39. b6
1-0

[Event "Darek Jacek Zaucha"]
[Site "SchemingMind.com"]
[Date "2016.04.01"]
[Round "-"]
[White "Michael Mollenhauer"]
[Black "frankly"]
[Result "0-1"]
[WhiteCountry "GER"]
[BlackCountry "ENG"]
[WhiteElo "1133"]
[WhiteRD "179"]
[BlackElo "2433"]
[BlackRD "56"]
[GameID "397529"]

1. e4 c5 2. Nf3 Nc6 3. d4 cxd4 4. Nxd4 Nf6 5. Nc3 e5 6. Ndb5 d6 7. Bg5 a6 8. Na3 b5 9. Nd5 Be7 10. Bxf6 Bxf6
11. c3 O-O 12. Nc2 Bg5 13. Be2 Ne7 14. Nxe7+ Qxe7 15. O-O Bb7 16. Bf3 Rad8 17. Re1 d5 18. exd5 f5 19. g3 e4 20. Bg2 Bxd5
21. Nd4 b4 22. cxb4 Qxb4 23. b3 Bb7 24. Qh5 Bd2 25. Nc2 Qc3 26. Qe2 Bxe1 27. Rxe1 Rd2 28. Qe3 Qxc2 29. Bf1 Qxa2 30. Bc4+ Bd5
31. Bxd5+ Rxd5 32. Rc1 Rd3
0-1

[Event "Darek Jacek Zaucha"]
[Site "SchemingMind.com"]
[Date "2016.04.01"]
[Round "-"]
[White "frankly"]
[Black "Michael Mollenhauer"]
[Result "1-0"]
[WhiteCountry "ENG"]
[BlackCountry "GER"]
[WhiteElo "2433"]
[WhiteRD "56"]
[BlackElo "1133"]
[BlackRD "179"]
[GameID "397530"]

1. e4 e5 2. Nf3 Nc6 3. Bb5 a6 4. Ba4 Nf6 5. O-O Be7 6. Re1 b5 7. Bb3 O-O 8. a4 b4 9. d3 d6 10. a5 Bg4
11. Nbd2 Nd4 12. Bc4 c5 13. h3 Bxf3 14. Nxf3 Nc6 15. Bg5 h6 16. Bxf6 Bxf6 17. Bd5 Qd7 18. Nd2 Nd4 19. Bxa8 Rxa8 20. Nc4 Rb8
21. c3 bxc3 22. bxc3 Nc6 23. Nb6 Qe6 24. Rb1 Nxa5 25. Qa4 Nb7 26. Nd7 Ra8 27. Rxb7 Rd8 28. Nxf6+ Qxf6 29. Reb1 Kh7 30. Qxa6 Kg6
31. Ra7 Rf8 32. Rbb7 h5 33. Qa2 Qf4 34. g3 Qf6 35. Qd5
1-0

[Event "Darek Jacek Zaucha"]
[Site "SchemingMind.com"]
[Date "2016.04.07"]
[Round "-"]
[White "DANDYLIONHONEYBADGER"]
[Black "ray winteringham"]
[Result "0-1"]
[WhiteCountry "USA"]
[BlackCountry "ENG"]
[WhiteElo "1297"]
[WhiteRD "64"]
[BlackElo "1491"]
[BlackRD "56"]
[GameID "397586"]

1. d4 d5 2. Nf3 Nf6 3. g3 e6 4. Nc3 Be7 5. a3 O-O 6. e3 Bd7 7. Bg2 h6 8. b4 Be8 9. Bb2 Nbd7 10. Bh3 c6
11. g4 g5 12. Nd2 Nh7 13. Nf3 Nb6 14. Nd2 Bd6 15. Nf3 f6 16. e4 Nc4 17. Bc1 b5 18. O-O Qc7 19. Ne2 a5 20. a4 Bxb4
21. axb5 cxb5 22. c3 Be7 23. exd5 e5 24. dxe5 fxe5 25. Nd2 Bd6 26. Nxc4 Qxc4 27. Be3 Bf7 28. Bg2 Rad8 29. Bb6 Bc7 30. Bxc7 Qxc7
31. Rc1 Nf6 32. Qd2 Bxd5 33. f3 Bxf3 34. Bxf3 Rxd2 35. Ng3 Rfd8 36. Nf5 Kh7 37. Ne3 R2d3 38. Rfe1 Qc5 39. h3 Rxe3 40. Rxe3 Qxe3+
41. Kg2 Qxc1
0-1

[Event "Darek Jacek Zaucha"]
[Site "SchemingMind.com"]
[Date "2016.04.07"]
[Round "-"]
[White "ray winteringham"]
[Black "DANDYLIONHONEYBADGER"]
[Result "1-0"]
[WhiteCountry "ENG"]
[BlackCountry "USA"]
[WhiteElo "1491"]
[WhiteRD "56"]
[BlackElo "1297"]
[BlackRD "64"]
[GameID "397587"]

1. e4 e5 2. Nf3 d6 3. Bc4 Nh6 4. d3 Be6 5. Bxh6 gxh6 6. Bxe6 Qe7 7. Bb3 Nc6 8. Nc3 O-O-O 9. Nd5 Qe6 10. Nb6+ axb6
11. Bxe6+ Kb8 12. Bb3 Rd7 13. O-O f6 14. c3 Be7 15. Bd5 Nd8 16. Qa4 c6 17. b4 Rg8 18. Bxg8 Rc7 19. Bxh7 Kc8 20. Bf5+ Kb8
21. Qb3 d5 22. a4 Nf7 23. a5 b5 24. a6 Nd6 25. axb7 Nxf5 26. Qa2 Rxb7 27. Qa8+ Kc7 28. Ra7 Nd6 29. Rfa1 Kd7 30. Rxb7+ Nxb7
31. Qxb7+ Ke8 32. Ra7 Kf7 33. Qxe7+ Kg6 34. Qg7+ Kh5 35. g4#
1-0

[Event "Darek Jacek Zaucha"]
[Site "SchemingMind.com"]
[Date "2016.04.09"]
[Round "-"]
[White "Transcendent"]
[Black "Manfred Kraut"]
[Result "0-1"]
[WhiteCountry "ENG"]
[BlackCountry "GER"]
[WhiteElo "1480"]
[WhiteRD "57"]
[BlackElo "1452"]
[BlackRD "65"]
[GameID "397717"]

1. d4 g6 2. c4 Bg7 3. g3 d6 4. Bg2 Nf6 5. Nc3 O-O 6. Nf3 c5 7. d5 Nbd7 8. O-O Re8 9. Bf4 e5 10. dxe6 Rxe6
11. Bh3 Re8 12. Bxd6 Qb6 13. Qd2 a6 14. Bf4 Nh5 15. Bh6 Ne5 16. Nxe5 Bxh3 17. Bxg7 Kxg7
0-1

[Event "Darek Jacek Zaucha"]
[Site "SchemingMind.com"]
[Date "2016.04.09"]
[Round "-"]
[White "Manfred Kraut"]
[Black "Transcendent"]
[Result "1-0"]
[WhiteCountry "GER"]
[BlackCountry "ENG"]
[WhiteElo "1452"]
[WhiteRD "65"]
[BlackElo "1480"]
[BlackRD "57"]
[GameID "397718"]

1. d4 Nf6 2. Nf3 d5 3. e3 c5 4. c4 cxd4 5. Nxd4 e6 6. Bd3 Bb4+ 7. Bd2 Bxd2+ 8. Nxd2 O-O 9. O-O Nc6 10. Nxc6 bxc6
11. cxd5 cxd5 12. f4 Bb7 13. Rf3 Rc8 14. Rh3 d4 15. e4 Qc7 16. e5
1-0

[Event "Darek Jacek Zaucha"]
[Site "SchemingMind.com"]
[Date "2016.04.20"]
[Round "-"]
[White "Chessibelle"]
[Black "fu_manchu"]
[Result "0-1"]
[WhiteCountry "ENG"]
[BlackCountry "CAN"]
[WhiteElo "1180"]
[WhiteRD "61"]
[BlackElo "1810"]
[BlackRD "75"]
[GameID "398261"]

1. Nf3 d5 2. d4 Nc6 3. e3 Nf6 4. Nc3 g6 5. Be2 Bg7 6. Bd2 O-O 7. O-O e6 8. g3 Qe7 9. a3 Ne4 10. Bc1 Nxc3
11. bxc3 e5 12. Bd3 e4 13. Be2 exf3 14. Bxf3 Be6 15. Qe2 Na5 16. Rd1 Nc4 17. e4 dxe4 18. Qxe4 Nd6 19. Qf4 c6 20. Be2 Nf5
21. c4 Rad8 22. c3 Nd6 23. c5 Ne8 24. Rd3 Nc7 25. Re3 Nd5 26. Qf3 Nxe3 27. Bxe3 Bd5 28. Qg4 f5 29. Qh3 Qe4 30. f3 Qc2
31. Kf2 Qxc3 32. g4 fxg4 33. Qxg4 Rde8 34. Kg3 Rxe3 35. Bf1 Rexf3+
0-1

[Event "Darek Jacek Zaucha"]
[Site "SchemingMind.com"]
[Date "2016.04.20"]
[Round "-"]
[White "fu_manchu"]
[Black "Chessibelle"]
[Result "1-0"]
[WhiteCountry "CAN"]
[BlackCountry "ENG"]
[WhiteElo "1839"]
[WhiteRD "75"]
[BlackElo "1135"]
[BlackRD "61"]
[GameID "398262"]

1. e4 e5 2. Nf3 Nc6 3. d4 Qe7 4. Nc3 Nf6 5. Bg5 d6 6. Nd5 Qd7 7. Nxf6+ gxf6 8. Bxf6 Rg8 9. d5 Ne7 10. Ng5 c6
11. Qh5 Kd8 12. Qxf7 Kc7 13. Bxe7 Rxg5 14. Qxf8 Qg4 15. Bxd6+ Kb6 16. Bc5+ Ka5 17. Bb4+ Kb6 18. Qd8#
1-0

[Event "Darek Jacek Zaucha"]
[Site "SchemingMind.com"]
[Date "2016.05.03"]
[Round "-"]
[White "Robert Bruce"]
[Black "Aba"]
[Result "1-0"]
[WhiteCountry "SCO"]
[BlackCountry "ISR"]
[WhiteElo "2250"]
[WhiteRD "61"]
[BlackElo "1776"]
[BlackRD "66"]
[GameID "398843"]

1. f4 d5 2. Nf3 c5 3. g3 Nf6 4. Bg2 e6 5. d3 Nc6 6. O-O b6 7. e4 d4 8. Bd2 Bb7 9. Qe2 Qc7 10. e5 Nd7
11. f5 O-O-O 12. fxe6 fxe6 13. Ng5 Qxe5 14. Be4 Nf6 15. Bf4
1-0

[Event "Darek Jacek Zaucha"]
[Site "SchemingMind.com"]
[Date "2016.05.03"]
[Round "-"]
[White "Aba"]
[Black "Robert Bruce"]
[Result "0-1"]
[WhiteCountry "ISR"]
[BlackCountry "SCO"]
[WhiteElo "1776"]
[WhiteRD "66"]
[BlackElo "2250"]
[BlackRD "61"]
[GameID "398844"]

1. e4 Nf6 2. e5 Nd5 3. d4 d6 4. Nf3 dxe5 5. dxe5 Bg4 6. Bc4 e6 7. a3 Nc6 8. Bd2 Nxe5 9. h3 Bxf3 10. gxf3 Nxc4
0-1

[Event "Darek Jacek Zaucha"]
[Site "SchemingMind.com"]
[Date "2016.05.08"]
[Round "-"]
[White "Clive Everill"]
[Black "spoke"]
[Result "0-1"]
[WhiteCountry "CZE"]
[BlackCountry "GER"]
[WhiteElo "1709"]
[WhiteRD "57"]
[BlackElo "1708"]
[BlackRD "75"]
[GameID "398940"]

1. Nf3 Nf6 2. c4 g6 3. d4 Bg7 4. g3 O-O 5. Bg2 c6 6. Nc3 Na6 7. O-O Nc7 8. e4 d6 9. Qb3 Rb8 10. Re1 b5
11. e5 dxe5 12. Nxe5 Bb7 13. Bxc6 Qxd4 14. cxb5 Ng4 15. Nxg4 Bxc6 16. Ne3 Nxb5 17. Rd1 Nxc3 18. Rxd4 Rxb3 19. axb3 Bxd4 20. bxc3 Bb6
21. Nc4 Rd8 22. Ba3 Rd3 23. Nxb6 axb6 24. Bxe7 Rxc3 25. b4 f5 26. h4 Kf7 27. Ra7 Rc1+ 28. Kh2 Rh1#
0-1

[Event "Darek Jacek Zaucha"]
[Site "SchemingMind.com"]
[Date "2016.05.09"]
[Round "-"]
[White "spoke"]
[Black "Clive Everill"]
[Result "0-1"]
[WhiteCountry "GER"]
[BlackCountry "CZE"]
[WhiteElo "1708"]
[WhiteRD "75"]
[BlackElo "1709"]
[BlackRD "57"]
[GameID "398941"]

1. e4 e5 2. Nf3 Nc6 3. Bc4 Bc5 4. Bxf7+ Kxf7 5. d4 exd4 6. Ng5+ Kf8 7. Qh5 g6 8. Nxh7+ Kg7 9. Qxc5 Rxh7 10. Bg5 Qe8
11. Nd2 d6 12. Qb5 a6 13. Qb3 b5 14. O-O-O Be6 15. Qd3 Bxa2 16. b3 Qe5 17. f4 Qc5 18. Kb2 Nb4 19. Qf3 Qxc2+ 20. Ka3 a5
21. f5 Nd3
0-1

[Event "Darek Jacek Zaucha"]
[Site "SchemingMind.com"]
[Date "2016.05.18"]
[Round "-"]
[White "Helga1946"]
[Black "Stephen Woodhouse"]
[Result "1-0"]
[WhiteCountry "GER"]
[BlackCountry "ENG"]
[WhiteElo "2353"]
[WhiteRD "78"]
[BlackElo "1875"]
[BlackRD "53"]
[GameID "399415"]

1. e4 e6 2. d4 d5 3. Nc3 Nf6 4. Bg5 dxe4 5. Nxe4 Be7 6. Bxf6 Bxf6 7. c3 Nd7 8. Nf3 O-O 9. Bb5 c6 10. Be2 e5
11. d5 cxd5 12. Qxd5 Nb6 13. Nxf6+ gxf6 14. Qe4 Qd5 15. Qh4 Qe6 16. Bd3 e4 17. Bxe4 f5 18. Ng5 Qg6 19. Bd3 Re8+ 20. Kd2 Be6
21. Nxe6 fxe6 22. g4 Rad8 23. gxf5 Qxf5 24. Rag1+ Kh8 25. Rg3 Qxf2+ 26. Kc1 Rd7 27. Rf1 Qc5 28. Qf6+ Rg7 29. Qxg7#
1-0

[Event "Darek Jacek Zaucha"]
[Site "SchemingMind.com"]
[Date "2016.05.18"]
[Round "-"]
[White "Stephen Woodhouse"]
[Black "Helga1946"]
[Result "0-1"]
[WhiteCountry "ENG"]
[BlackCountry "GER"]
[WhiteElo "1875"]
[WhiteRD "53"]
[BlackElo "2353"]
[BlackRD "78"]
[GameID "399416"]

1. e4 c5 2. c3 Nf6 3. e5 Nd5 4. d4 cxd4 5. Nf3 Nc6 6. cxd4 e6 7. Bc4 Nb6 8. Bb3 d6 9. O-O d5 10. Nc3 h6
11. a3 Bd7 12. Be3 Na5 13. Bc2 Rc8 14. Nd2 Nbc4 15. Nxc4 Nxc4 16. Qc1 Qc7 17. Bd2 Qb6 18. Na4 Qxd4 19. Bc3 Qg4 20. h3 Qh4
21. f4 b5 22. b3 Nxa3 23. Rxa3 Bxa3 24. Qxa3 bxa4 25. bxa4 Rc4 26. Rb1 Qxf4 27. Rb8+ Rc8 28. Rxc8+ Bxc8 29. Qc5 Qc4
0-1

[Event "Darek Jacek Zaucha"]
[Site "SchemingMind.com"]
[Date "2016.05.20"]
[Round "-"]
[White "Robert Bruce"]
[Black "Barry Hampton"]
[Result "1-0"]
[WhiteCountry "SCO"]
[BlackCountry "ENG"]
[WhiteElo "2258"]
[WhiteRD "65"]
[BlackElo "1807"]
[BlackRD "104"]
[GameID "399433"]

1. f4 e6 2. Nf3 d5 3. e3 c5 4. Bb5+ Bd7 5. Bxd7+ Nxd7 6. b3 Ngf6 7. Bb2 Be7 8. d3 O-O 9. Nbd2 Qc7 10. O-O b5
11. Ne5 Nxe5 12. Bxe5 Qb6 13. a4 c4 14. Bd4 Qc7 15. axb5 cxd3 16. c4 Ne4 17. Rxa7 Rxa7 18. b6 Qb7 19. bxa7 Bc5 20. Nxe4 Bxd4
21. Qxd3 Bxa7 22. Ng5 g6 23. Rc1 h6 24. Nf3 Rb8 25. Rc3 Kg7 26. c5 Bxc5 27. Rxc5 Qxb3 28. Qd4+ Kg8 29. h3 Qb1+ 30. Kh2 Qf5
31. Rc7 g5 32. Ne5 Rf8 33. Ng4
1-0

[Event "Darek Jacek Zaucha"]
[Site "SchemingMind.com"]
[Date "2016.05.19"]
[Round "-"]
[White "Barry Hampton"]
[Black "Robert Bruce"]
[Result "0-1"]
[WhiteCountry "ENG"]
[BlackCountry "SCO"]
[WhiteElo "1807"]
[WhiteRD "104"]
[BlackElo "2258"]
[BlackRD "65"]
[GameID "399434"]

1. Nf3 Nf6 2. g3 d5 3. Bg2 Bf5 4. O-O c6 5. d3 h6 6. Nbd2 e6 7. Qe1 Bh7 8. e4 Be7 9. Qe2 O-O 10. e5 Nfd7
11. c3 Nc5 12. d4 Bd3 13. Qd1 Bxf1 14. Bxf1 Ncd7 15. Nb3 c5 16. Be3 cxd4 17. cxd4 Nc6 18. Rc1 Qb6 19. a3 Rfc8 20. Bd3 a5
21. Qc2 Ncxe5 22. Qxc8+ Rxc8 23. Rxc8+ Nf8 24. Nxe5 Qxb3 25. Rb8 f6 26. Nc6 Bd6 27. Nxa5 Qd1+
0-1

[Event "Darek Jacek Zaucha"]
[Site "SchemingMind.com"]
[Date "2016.05.28"]
[Round "-"]
[White "MathiasNowak"]
[Black "Mitch The Man"]
[Result "1-0"]
[WhiteCountry "INT"]
[BlackCountry "USA"]
[WhiteElo "1292"]
[WhiteRD "120"]
[BlackElo "1465"]
[BlackRD "65"]
[GameID "399696"]

1. e4 e5 2. f4 Nc6 3. Nf3 Bd6 4. fxe5 Nxe5 5. d4 Nxf3+ 6. Qxf3 Ne7 7. Bc4 O-O 8. O-O c6 9. Bxf7+ Rxf7 10. Qxf7+ Kh8
11. e5
1-0

[Event "Darek Jacek Zaucha"]
[Site "SchemingMind.com"]
[Date "2016.05.28"]
[Round "-"]
[White "Mitch The Man"]
[Black "MathiasNowak"]
[Result "1-0"]
[WhiteCountry "USA"]
[BlackCountry "INT"]
[WhiteElo "1465"]
[WhiteRD "65"]
[BlackElo "1292"]
[BlackRD "120"]
[GameID "399697"]

1. e4 e5 2. Nf3 Nc6 3. Bc4 Nf6 4. d3 Be7 5. O-O O-O 6. a3 d6 7. h3 a6 8. c3 d5 9. exd5 Nxd5 10. Bxd5 Qxd5
11. c4 Qd6 12. Re1 Be6 13. Nc3 Rad8 14. Ne4 Qxd3 15. Qxd3 Rxd3 16. Ned2
1-0

[Event "Darek Jacek Zaucha"]
[Site "SchemingMind.com"]
[Date "2016.06.19"]
[Round "-"]
[White "Abacist"]
[Black "William Lindberg"]
[Result "0-1"]
[WhiteCountry "USA"]
[BlackCountry "USA"]
[WhiteElo "1517"]
[WhiteRD "222"]
[BlackElo "2366"]
[BlackRD "67"]
[GameID "400570"]

1. e4 e6 2. d4 d5 3. Nc3 Nf6 4. Bg5 Be7 5. e5 Nfd7 6. h4 Bxg5 7. hxg5 Qxg5 8. Nh3 Qe7 9. Nf4 Nc6 10. Qg4 Nxd4
11. Qxg7 Qf8 12. Qxf8+ Kxf8 13. O-O-O c5 14. Bd3 Nxe5
0-1

[Event "Darek Jacek Zaucha"]
[Site "SchemingMind.com"]
[Date "2016.06.19"]
[Round "-"]
[White "William Lindberg"]
[Black "Abacist"]
[Result "1-0"]
[WhiteCountry "USA"]
[BlackCountry "USA"]
[WhiteElo "2366"]
[WhiteRD "67"]
[BlackElo "1517"]
[BlackRD "222"]
[GameID "400571"]

1. c4 Nf6 2. d4 g6 3. Nc3 Bg7 4. e4 d6 5. Nf3 O-O 6. Be2 e5 7. O-O Nc6 8. d5 Ne7 9. Ne1 Nd7 10. Be3 f5
11. f3 f4 12. Bf2 g5 13. Nd3 Nf6 14. c5 Ng6 15. a4 h5 16. Rc1 Rf7 17. h3 Bh6 18. a5 g4 19. fxg4 hxg4 20. hxg4 Nxg4
21. Bxg4
1-0

[Event "Darek Jacek Zaucha"]
[Site "SchemingMind.com"]
[Date "2016.06.20"]
[Round "-"]
[White "JAHI"]
[Black "Wojciech  Langer"]
[Result "0-1"]
[WhiteCountry "INT"]
[BlackCountry "INT"]
[WhiteElo "2051"]
[WhiteRD "62"]
[BlackElo "1763"]
[BlackRD "83"]
[GameID "400631"]

1. g3 d5 2. Bg2 Nf6 3. c3 c5 4. a3 Nc6 5. a4 e6 6. b3 Be7 7. Na3 a6 8. Nc2 O-O 9. Ba3 b5 10. b4 c4
11. a5 Qc7 12. Nf3 e5 13. Qc1 e4 14. Nfd4 Ne5 15. Bb2 Bd7 16. Qd1 Bd6 17. h3 h6 18. Qc1 Ng6 19. Ne3 Bxg3 20. fxg3 Qxg3+
21. Kd1 Nh4 22. Bf1 Nh5 23. Kc2 f5 24. Nxd5 Qe5 25. Qe1 g5 26. Rg1 Qxd5 27. Qxh4 Qf7
0-1

[Event "Darek Jacek Zaucha"]
[Site "SchemingMind.com"]
[Date "2016.06.21"]
[Round "-"]
[White "Wojciech  Langer"]
[Black "JAHI"]
[Result "1-0"]
[WhiteCountry "INT"]
[BlackCountry "INT"]
[WhiteElo "1763"]
[WhiteRD "83"]
[BlackElo "2051"]
[BlackRD "62"]
[GameID "400632"]

1. g3 g6 2. Bg2 Bg7 3. Nf3 c6 4. O-O a6 5. e4 a5 6. d3 b6 7. Re1 Na6 8. c3 Nc7 9. Nbd2 Ba6 10. Qc2 h6
11. Nb3 e6 12. Be3 Rb8 13. Rab1 g5 14. h3 d6 15. Nfd4 Qd7 16. c4 Ne7 17. Kf1 a4 18. Nd2 d5 19. cxd5 c5 20. N4f3 exd5
21. exd5 Ncxd5 22. a3 Nb4 23. Qd1 Nxd3 24. Kg1 Nxe1 25. Qxe1 Rd8 26. g4 Bd3 27. Rc1 Bxb2 28. Ne5
1-0

[Event "Darek Jacek Zaucha"]
[Site "SchemingMind.com"]
[Date "2016.06.23"]
[Round "-"]
[White "chesshub"]
[Black "Kid A"]
[Result "1-0"]
[WhiteCountry "FRA"]
[BlackCountry "FIN"]
[WhiteElo "2542"]
[WhiteRD "82"]
[BlackElo "1849"]
[BlackRD "79"]
[GameID "400681"]

1. e4 e5 2. Nf3 Nc6 3. Bb5 a6 4. Ba4 Nf6 5. O-O Be7 6. Re1 b5 7. Bb3 O-O 8. c3 d6 9. h3 Na5 10. Bc2 c5
11. d4 Qc7 12. Nbd2 Bb7 13. d5 c4 14. Nf1 Bc8 15. g4 h6 16. Ng3 Rb8 17. Be3 Bd7 18. b4 cxb3 19. axb3 Ra8 20. Bd2 Nb7
21. b4 Rfc8 22. Qe2 a5 23. Bd3 axb4 24. cxb4 Rxa1 25. Rxa1 Rb8 26. Ra7 Qd8 27. Be3 Qe8 28. Kh2 Kh8 29. Qa2 Qc8 30. Qa6 Qc7
31. Bxb5 Bxb5 32. Qxb5 Nd7 33. Qc6 Bd8 34. Nf5
1-0

[Event "Darek Jacek Zaucha"]
[Site "SchemingMind.com"]
[Date "2016.06.22"]
[Round "-"]
[White "Kid A"]
[Black "chesshub"]
[Result "0-1"]
[WhiteCountry "FIN"]
[BlackCountry "FRA"]
[WhiteElo "1837"]
[WhiteRD "80"]
[BlackElo "2560"]
[BlackRD "83"]
[GameID "400682"]

1. e4 e5 2. Nf3 Nc6 3. Bb5 a6 4. Ba4 Nf6 5. O-O Be7 6. Re1 b5 7. Bb3 O-O 8. c3 d5 9. exd5 Nxd5 10. Nxe5 Nxe5
11. Rxe5 c6 12. d4 Bd6 13. Re1 Qh4 14. g3 Qh3 15. Re4 g5 16. Nd2 f5 17. Re1 f4 18. Qf3 fxg3 19. Bxd5+ cxd5 20. Qxd5+ Kh8
21. fxg3 Bxg3 22. Re2 Bxh2+ 23. Rxh2 Qe3+ 24. Kh1 Qe1+ 25. Kg2 Rf2+ 26. Kg3 Rf1+ 27. Kg2 Qf2#
0-1

[Event "Darek Jacek Zaucha"]
[Site "SchemingMind.com"]
[Date "2016.06.22"]
[Round "-"]
[White "Karsten Kjeldsen"]
[Black "Phillip Beckett"]
[Result "1-0"]
[WhiteCountry "DEN"]
[BlackCountry "ENG"]
[WhiteElo "2238"]
[WhiteRD "96"]
[BlackElo "1549"]
[BlackRD "51"]
[GameID "400730"]

1. e4 e5 2. Nf3 Nc6 3. Bb5 a6 4. Ba4 Nf6 5. O-O Be7 6. Re1 b5 7. Bb3 O-O 8. Nc3 d6 9. Nd5 Nxd5 10. Bxd5 Bb7
11. c3 Na5 12. Bxb7 Nxb7 13. d4 exd4 14. cxd4 c5 15. Bf4 Bf6 16. b3 Qe7 17. e5 dxe5 18. dxe5 Bh4 19. g3 g5 20. Bd2 h6
21. gxh4 g4 22. Bxh6 Rfd8 23. Qc1 gxf3 24. Kh1 Qe6 25. Rg1+ Kh7 26. Rg7+ Kh8 27. Qg5 Rg8 28. h5 Rae8 29. Rg1 f6 30. Qg6 fxe5
31. Rh7#
1-0

[Event "Darek Jacek Zaucha"]
[Site "SchemingMind.com"]
[Date "2016.06.23"]
[Round "-"]
[White "Phillip Beckett"]
[Black "Karsten Kjeldsen"]
[Result "0-1"]
[WhiteCountry "ENG"]
[BlackCountry "DEN"]
[WhiteElo "1572"]
[WhiteRD "52"]
[BlackElo "2240"]
[BlackRD "101"]
[GameID "400731"]

1. e4 d5 2. exd5 c6 3. dxc6 Nxc6 4. Nf3 e5 5. Bb5 Bd6 6. d3 Nf6 7. O-O O-O 8. Nc3 Nd4 9. Nxd4 exd4 10. Ne4 a6
11. Nxf6+ Qxf6 12. Bc4 Qf5 13. Bd2 Bd7 14. Qf3 Qxf3 15. gxf3 Rfc8 16. Rfe1 Rc5 17. Bb4 Rg5+ 18. Kf1 Bh3+ 19. Ke2 Bxb4 20. Rg1 Re8+
0-1

[Event "Darek Jacek Zaucha"]
[Site "SchemingMind.com"]
[Date "2016.06.23"]
[Round "-"]
[White "Scooter"]
[Black "David Perna-Fraser"]
[Result "0-1"]
[WhiteCountry "USA"]
[BlackCountry "CAN"]
[WhiteElo "1761"]
[WhiteRD "49"]
[BlackElo "2366"]
[BlackRD "66"]
[GameID "400736"]

1. d4 Nf6 2. Nf3 e6 3. Bg5 h6 4. Bxf6 Qxf6 5. e3 b6 6. Be2 Bb7 7. Nbd2 Be7 8. O-O Nc6 9. a3 g5 10. Ne4 Qg7
11. Nfd2 O-O-O 12. c4 f5 13. Ng3 g4 14. Nh5 Qg5 15. Nf4 Nxd4
0-1

[Event "Darek Jacek Zaucha"]
[Site "SchemingMind.com"]
[Date "2016.06.23"]
[Round "-"]
[White "David Perna-Fraser"]
[Black "Scooter"]
[Result "1-0"]
[WhiteCountry "CAN"]
[BlackCountry "USA"]
[WhiteElo "2357"]
[WhiteRD "68"]
[BlackElo "1745"]
[BlackRD "53"]
[GameID "400737"]

1. e4 c6 2. d4 d5 3. Nc3 dxe4 4. Nxe4 Bf5 5. Ng3 Bg6 6. h4 h6 7. h5 Bh7 8. Nf3 Nd7 9. Bd3 Bxd3 10. Qxd3 Qc7
11. Bd2 O-O-O 12. O-O-O Ngf6 13. Ne4 e6 14. Nxf6 Nxf6 15. Qe2 Be7 16. g3 Nd5 17. c4 Nf6 18. Bf4 Bd6 19. Ne5 Bxe5 20. Bxe5 Qe7
21. Rd3 Rhg8 22. Ra3 a6 23. Rd1 Nd7 24. Bf4 Nb6 25. Qe5 Nxc4 26. Qb8+ Kd7 27. Qxb7+ Ke8 28. Qxc6+ Qd7 29. Qxd7+ Rxd7 30. Rxa6 Ke7
31. b3 Nd6 32. Bxd6+ Rxd6 33. Rxd6 Kxd6 34. a4 Kd5 35. Kb2 Rc8 36. Rc1 Rxc1 37. Kxc1 Kxd4 38. a5
1-0

[Event "Darek Jacek Zaucha"]
[Site "SchemingMind.com"]
[Date "2016.07.01"]
[Round "-"]
[White "William Lindberg"]
[Black "fu_manchu"]
[Result "1-0"]
[WhiteCountry "USA"]
[BlackCountry "CAN"]
[WhiteElo "2439"]
[WhiteRD "73"]
[BlackElo "1845"]
[BlackRD "69"]
[GameID "400994"]

1. c4 Nf6 2. d4 e6 3. Nf3 b6 4. g3 Bb7 5. Bg2 Be7 6. O-O O-O 7. Nc3 d5 8. cxd5 Nxd5 9. Qc2 Nd7 10. e4 Nb4
11. Qa4 a5 12. a3 Nd3 13. Qc2 Nxc1 14. Raxc1 Ba6 15. Rfd1 Rc8 16. Bh3 c6 17. d5 cxd5 18. exd5 e5 19. d6 Bf6 20. Qf5 Nc5
21. Nd5 Qxd6 22. Nxf6+ Qxf6 23. Qxf6 gxf6 24. Bxc8 Bxc8 25. Rd6 e4 26. Rxb6 exf3 27. Rb1 Bf5 28. Rd1 Ne4 29. Rb5 Be6 30. Re1 Ng5
31. Rc1 Rd8 32. Rbc5 Nh3+ 33. Kf1 Rd2 34. R5c2 Rxc2 35. Rxc2 a4 36. Rc3 Ng5 37. Ke1 Kg7 38. h4 Ne4 39. Rxf3 Nc5 40. Kd2 Kg6
41. Rf4 Bb3 42. Rg4+ Kh6 43. Rb4 Nd7 44. Rb5 Ne5 45. Kc3 Be6 46. Rb4 Bb3 47. Rxb3 axb3 48. Kxb3 Kg7 49. f4 Nd7 50. Kb4 Kf8
51. Kb5 Ke7 52. Kc6 Nb8+ 53. Kb7 Nd7 54. b4 Kd6 55. a4 Nf8 56. a5 Ne6 57. a6 Nc7 58. a7 f5 59. b5
1-0

[Event "Darek Jacek Zaucha"]
[Site "SchemingMind.com"]
[Date "2016.07.01"]
[Round "-"]
[White "fu_manchu"]
[Black "William Lindberg"]
[Result "0-1"]
[WhiteCountry "CAN"]
[BlackCountry "USA"]
[WhiteElo "1821"]
[WhiteRD "68"]
[BlackElo "2415"]
[BlackRD "70"]
[GameID "400995"]

1. d4 Nf6 2. c4 e6 3. Nf3 b6 4. Nc3 Bb4 5. Bg5 Bb7 6. e3 h6 7. Bh4 g5 8. Bg3 Bxc3+ 9. bxc3 Ne4 10. Qc2 Nxg3
11. hxg3 d6 12. d5 Qf6 13. dxe6 fxe6 14. Nd4 Nd7 15. Nb5 Kd8 16. Rd1 e5 17. Rh2 Rf8 18. Bd3 a6 19. Na3 e4 20. Bf1 Ne5
21. Rh1 Ng4 22. Rd2 Ke7 23. c5 dxc5 24. Nc4 Rad8 25. Rxd8 Rxd8 26. Nb2 Nxf2 27. Qxf2 Qxc3+ 28. Ke2 Qd2#
0-1

[Event "Darek Jacek Zaucha"]
[Site "SchemingMind.com"]
[Date "2016.07.04"]
[Round "-"]
[White "David Perna-Fraser"]
[Black "Manfred Kraut"]
[Result "1-0"]
[WhiteCountry "CAN"]
[BlackCountry "GER"]
[WhiteElo "2357"]
[WhiteRD "68"]
[BlackElo "1458"]
[BlackRD "66"]
[GameID "401053"]

1. e4 c5 2. Nf3 Nc6 3. d4 cxd4 4. Nxd4 g6 5. Nc3 Bg7 6. Be3 d6 7. Qd2 Nf6 8. f3 O-O 9. g4 Ne5 10. O-O-O a6
11. h4 Nxf3 12. Nxf3 Nxg4 13. Kb1 b5 14. h5 e5 15. hxg6 fxg6 16. Qd5+ Kh8 17. Bg5 Qe8 18. Qxa8 Ne3 19. Bxe3 Qd7 20. Ng5 Bb7
21. Qxf8+ Bxf8 22. Rxh7+ Qxh7 23. Nxh7 Kxh7 24. Be2
1-0